Mushroom cultivation (Record no. 171128)

MARC details
000 -LEADER
fixed length control field 00573nam a22001937a 4500
005 - DATE AND TIME OF LATEST TRANSACTION
control field 20200107111550.0
010 ## - LCCN (DPL NO)
LC control number ENG-127319
020 ## - INTERNATIONAL STANDARD BOOK NUMBER
International Standard Book Number 9789386519207
Terms of availability 200.00
035 ## - SYSTEM CONTROL NUMBER
System control number EN-110851
037 ## - SOURCE OF ACQUISITION
Source of stock number/acquisition DBAD/PUB
082 ## - DEWEY DECIMAL CLASSIFICATION NUMBER
Classification number 635.8
100 ## - MAIN ENTRY--PERSONAL NAME
Personal name V.Kumaresan
245 ## - TITLE STATEMENT
Title Mushroom cultivation
Statement of responsibility, etc by V.Kumaresan
260 ## - PUBLICATION, DISTRIBUTION, ETC. (IMPRINT)
Place of publication, distribution, etc Kanyakumari
Name of publisher, distributor, etc Saras publication
Date of publication, distribution, etc 2018
270 ## - ADDRESS
Address 114/35G,A.R.P.Camp Road,Periavilai,Kottar P.O,Nagercoil
City Kanyakumari
Postal code 629002
300 ## - PHYSICAL DESCRIPTION
Extent 308p.
Dimensions 23cm(pbk)
500 ## - GENERAL NOTE
General note includes index.
942 ## - ADDED ENTRY ELEMENTS (KOHA)
Source of classification or shelving scheme Dewey Decimal Classification
Item type English Books
Call number suffix VKU
Classification part 635.8
Holdings
Withdrawn status Lost status Not for loan Collection code Home library Current library Date acquired Source of acquisition Cost, normal purchase price Full call number Barcode Copy number Cost, replacement price Koha item type
      Non-fiction Patel Nagar Patel Nagar 07/01/2020 DBAD/PUB 324.00 635.8 VKU EN-110851 1 324.00 English Books

© Delhi Public Library
Hit Counter
free hit counter